Indian migration and empire : (Record no. 169261)

MARC details
000 -LEADER
fixed length control field 00658nam a2200193 4500
005 - DATE AND TIME OF LATEST TRANSACTION
control field 20191113105005.0
010 ## - LCCN (DPL NO)
LC control number ENG-126880
020 ## - INTERNATIONAL STANDARD BOOK NUMBER
International Standard Book Number 9788178245386
Terms of availability 695.00
035 ## - SYSTEM CONTROL NUMBER
System control number EN-110412
037 ## - SOURCE OF ACQUISITION
Source of stock number/acquisition DBAD/PUB
082 ## - DEWEY DECIMAL CLASSIFICATION NUMBER
Classification number 325.273
100 ## - MAIN ENTRY--PERSONAL NAME
Personal name Mongia, Radhika
245 ## - TITLE STATEMENT
Title Indian migration and empire :
Remainder of title a colonial genealogy of the modern state /
Statement of responsibility, etc by Radhika Mongia
260 ## - PUBLICATION, DISTRIBUTION, ETC. (IMPRINT)
Place of publication, distribution, etc Lucknow
Name of publisher, distributor, etc Permanent Black
Date of publication, distribution, etc 2018
270 ## - ADDRESS
Address Himalyana, Mall Road, Ranikhet Cantt
City Ranikhet
Postal code 263645
Electronic mail address perblack@gmail.com
300 ## - PHYSICAL DESCRIPTION
Extent 230p.
Dimensions 22cm(Hb)
500 ## - GENERAL NOTE
General note Includes bibliographical references and index
942 ## - ADDED ENTRY ELEMENTS (KOHA)
Source of classification or shelving scheme Dewey Decimal Classification
Item type English Books
Classification part 325.273
Call number suffix MON
Holdings
Withdrawn status Lost status Not for loan Collection code Home library Current library Date acquired Source of acquisition Cost, normal purchase price Full call number Barcode Copy number Cost, replacement price Koha item type
      Non-fiction Sarojini Nagar Sarojini Nagar 13/11/2019 DBAD/PUB 695.00 325.273 MON EN-110412 1 695.00 English Books

© Delhi Public Library
Hit Counter
free hit counter